000 00592nam a2200193Ia 4500
005 20250508163437.0
008 008 250505s9999 xx 000 0 eng d
037 _aDissertations
040 _aFEDL
_beng
_cFEDL
041 _aeng
_2eng
084 _a370.15, REN/DI
_qFEDL
100 _aRenu Bala
245 0 _aComparative study of study habits among children at middle and senior secondary levels in Delhi schools
260 _c1990
300 _a65p.
546 _aM.Ed. Dissertation (Delhi University)
942 _cDIS
_h370.15, REN/DI
999 _c1383270
_d1383270